000 01205naa a22003017a 4500
001 BR9406627
003 BR-BrBNA
005 20240918181301.0
007 ta
008 230509b bl.||||| |||| 00| 0 por d
040 _aBR-BrBNA
_bpor
_cBiblioteca Nacional de Agricultura
041 _a(Pt)
072 _aA50
090 _aA50 BR9406627
100 1 _aDias, G.B.N.
100 1 _aMoraes, T.S. de A.
100 1 _aSilva, T.F.
100 1 _aJordy Filho, S.
111 1 _a1. Simposio Internacional de Estudos Ambientais em Florestas Tropicais Umidas
_cManaus, AM (Brazil)
_d7-13 Oct 1990
245 1 _aPrograma de pesquisa florestal Carajas - PPFC - Companhia Vale do Rio Doce
260 3 _aRio de Janeiro, RJ (Brasil):
_c1992.
500 _aAnais do 1. Simposio Internacional de Estudos Ambientais em Florestas Tropicais Umidas Rio de Janeiro, RJ (Brasil): 1992. p. 142-147 (BR9406627-AM)A50
650 _aPesquisa Florestal
650 _aPrograma de Pesquisa
773 0 _tAnais do 1. Simposio Internacional de Estudos Ambientais em Florestas Tropicais Umidas
_wA50 BR9406627
_gRio de Janeiro, RJ (Brasil), 1992. p. 142-147
909 _a202404
_bLucia
_c55
_dLucia Elande
942 _cAM
_2AGRIS
999 _c324544
_d324544